|
|
|
|
| LEADER |
01505nam 22003492a 4500 |
| 001 |
000810659 |
| 003 |
CZ BrMZK |
| 005 |
20060307133746.0 |
| 007 |
ta |
| 008 |
060307s1979 xr er|||||||||||cze d |
| 040 |
|
|
|a ABA001
|b cze
|c ABA001
|d ABA001
|d BOA001
|
| 080 |
|
|
|a 519.2(075.8)
|2 undef
|
| 100 |
1 |
|
|a Haluzíková, Anežka
|7 stk2007394172
|4 aut
|
| 245 |
1 |
0 |
|a Numerické metody a matematická statistika /
|c Anežka Haluzíková, Václav Kudláček, Bohumil Zástěra
|
| 250 |
|
|
|a 1. vyd.
|
| 260 |
|
|
|a Praha :
|b SNTL,
|c 1979
|f (ST 6)
|
| 300 |
|
|
|a 204 s. :
|b obr., tb. ;
|c 4°
|
| 500 |
|
|
|a Určeno pro posl. fak. elektrotechn.
|
| 500 |
|
|
|a 1242 výt.
|
| 500 |
|
|
|a Vyd. VUT v Brně
|
| 500 |
|
|
|a Přehledy lit.
|
| 700 |
1 |
|
|a Kudláček, Václav,
|d 1928-
|7 jk01070653
|4 aut
|
| 700 |
1 |
|
|a Zástěra, Bohumil
|7 ola2009488152
|4 aut
|
| 710 |
2 |
|
|a Vysoké učení technické v Brně
|7 kn20010709205
|
| 910 |
|
|
|a BOA001
|b TK-A-0199.857
|
| 990 |
|
|
|a BK
|
| 991 |
|
|
|b 200603
|
| 996 |
7 |
|
|b 2629946650
|c TK-A-0199.857
|l MZK
|r Sklad / do 24 hodin
|n 1
|w 000810659
|u 000010
|a 1
|e BOA001
|j MZK50
|s A
|
| 996 |
7 |
|
|b 2629947190
|c TK-A-0199.857
|l MZK
|r Sklad / do 24 hodin
|n 1
|w 000810659
|u 000020
|a 1
|e BOA001
|j MZK50
|s A
|
| 996 |
6 |
|
|b BC-282530
|c TK-A-0199.857
|l MZK
|r Sklad / do 24 hodin
|n 0
|w 000810659
|u 000030
|a 1
|e BOA001
|j MZK50
|s P
|
| 996 |
6 |
|
|b BC-282531
|c TK-A-0199.857
|l MZK
|r Sklad / do 24 hodin
|n 0
|w 000810659
|u 000040
|a 1
|e BOA001
|j MZK50
|s P
|
| 996 |
6 |
|
|b BC-282532
|c TK-A-0199.857
|l MZK
|r Sklad / do 24 hodin
|n 0
|w 000810659
|u 000050
|a 1
|e BOA001
|j MZK50
|s P
|